[Event "Bykova Memorial (Women)"]
[Site "Vladimir"]
[Date "2004.12.08"]
[Round "2"]
[White "Velikhanli, Firuza"]
[Black "Pogonina, Natalija"]
[Result "1/2-1/2"]
[WhiteElo "2322"]
[BlackElo "2385"]
[PlyCount "70"]
[EventDate "2004.12.07"]
[EventType "tourn"]
[EventRounds "11"]
[EventCountry "RUS"]
[EventCategory "3"]
[SourceTitle "CBM 103 Extra"]
[Source "ChessBase"]
[SourceDate "2005.01.01"]
[SourceVersion "1"]
[SourceVersionDate "2005.01.01"]
[SourceQuality "1"]

1. e4 c5 2. c3 g6 3. d4 cxd4 4. cxd4 d5 5. e5 Bg7 6. Nc3 Nc6 7. Bb5 f6 8. Nf3 Bg4 9. h3 Bxf3 10. Qxf3 e6 11. 0-0 fxe5 12. dxe5 Nh6 13. Bxh6 Bxh6 14. Ne2 Rc8 15. Nd4 Qe7 16. Rfe1 Rf8 17. Qg4 Kf7 18. Bxc6 bxc6 19. b4 Rfe8 20. Rab1 Kg8 21. Rb3 Qg5 22. Qe2 Qd2 23. Qxd2 Bxd2 24. Re2 Bxb4 25. Rxb4 c5 26. Ra4 cxd4 27. Rxa7 Ra8 28. Rxa8 Rxa8 29. Rb2 g5 30. Kf1 Kf7 31. Ke2 Kg6 32. g4 Ra3 33. f3 Re3+ 34. Kf2 Ra3 35. Ke2 Re3+ 1/2-1/2

[Event "Olympiad Women-36"]
[Site "Mallorca"]
[Date "2004.10.29"]
[Round "14.2"]
[White "Velikhanli, Firuza"]
[Black "Mkrtchian, Lilit"]
[Result "0-1"]
[WhiteElo "2322"]
[BlackElo "2374"]
[PlyCount "104"]
[EventDate "2004.10.15"]
[EventType "team-swiss"]
[EventRounds "14"]
[EventCountry "ESP"]
[SourceTitle "CBM 102 Extra"]
[Source "ChessBase"]
[SourceDate "2004.11.03"]
[SourceVersion "1"]
[SourceVersionDate "2004.11.03"]
[SourceQuality "1"]
[WhiteTeam "Azerbaijan (W)"]
[BlackTeam "Armenia (W)"]
[WhiteTeamCountry "AZE"]
[BlackTeamCountry "ARM"]

1. e4 e5 2. Nf3 Nc6 3. Bb5 a6 4. Ba4 Nf6 5. 0-0 Be7 6. d4 exd4 7. e5 Ne4 8. Nxd4 Nxd4 9. Qxd4 Nc5 10. Nc3 0-0 11. Bg5 Bxg5 12. Qxc5 Be7 13. Qe3 d5 14. exd6 Bxd6 15. Rad1 b5 16. Bb3 Bb7 17. Rfe1 Re8 18. Qxe8+ Qxe8 19. Rxe8+ Rxe8 20. Kf1 Re5 21. Nd5 Kf8 22. Ne3 f5 23. Bd5 Bxd5 24. Nxd5 Kf7 25. c3 a5 26. Rd3 a4 27. a3 Ke6 28. Nf4+ Kd7 29. Ne2 c5 30. Ke1 Kc6 31. Rh3 h6 32. Kd2 Re6 33. Rf3 g6 34. h4 Re5 35. Rh3 Re4 36. f3 Re6 37. f4 Be7 38. h5 g5 39. Re3 Rxe3 40. Kxe3 Kd5 41. fxg5 Bxg5+ 42. Kd3 c4+ 43. Kc2 Be3 44. Ng3 Ke5 45. Ne2 f4 46. Kd1 Kf5 47. g3 f3 48. Nd4+ Kg4 49. Nxb5 Kxg3 50. Nd6 f2 51. Nf5+ Kf3 52. Nh4+ Kg4 0-1

[Event "Olympiad Women-36"]
[Site "Mallorca"]
[Date "2004.10.22"]
[Round "7.2"]
[White "Velikhanli, Firuza"]
[Black "Kaps, Darja"]
[Result "1-0"]
[WhiteElo "2322"]
[BlackElo "2236"]
[PlyCount "57"]
[EventDate "2004.10.15"]
[EventType "team-swiss"]
[EventRounds "14"]
[EventCountry "ESP"]
[SourceTitle "CBM 102 Extra"]
[Source "ChessBase"]
[SourceDate "2004.11.03"]
[SourceVersion "1"]
[SourceVersionDate "2004.11.03"]
[SourceQuality "1"]
[WhiteTeam "Azerbaijan (W)"]
[BlackTeam "Slovenia (W)"]
[WhiteTeamCountry "AZE"]
[BlackTeamCountry "SLO"]

1. e4 c5 2. Nf3 Nc6 3. Bb5 e6 4. 0-0 Nge7 5. Nc3 a6 6. Bxc6 Nxc6 7. d4 cxd4 8. Nxd4 Qc7 9. Nxc6 Qxc6 10. Qg4 b5 11. Re1 Bb7 12. Bd2 0-0-0 13. a4 b4 14. Na2 f5 15. Qh3 Bc5 16. Nxb4 Qb6 17. Nd3 Bxe4 18. Nxc5 Qxc5 19. Be3 Qb4 20. Red1 a5 21. Ra3 f4 22. Rb3 Qxa4 23. Ba7 Bc6 24. Qc3 e5 25. Qxe5 d6 26. Qe6+ Rd7 27. Rb8+ Kc7 28. Rxh8 Qxc2 29. Qe1 1-0